La verdad sospechosa
Salvato in:
| Autore principale: | |
|---|---|
| Natura: | Libro |
| Lingua: | spagnolo |
| Pubblicazione: |
Zaragoza
Ebro
1950
|
| Edizione: | 4a. ed |
| Serie: | Biblioteca Clásica Ebro. Clásicos Españoles, 5
|
| Soggetti: | |
| Tags: |
Aggiungi Tag
Nessun Tag, puoi essere il primo ad aggiungerne!!
|
MARC
| LEADER | 00000nam a2200000 a 4500 | ||
|---|---|---|---|
| 001 | UCQ1951 | ||
| 003 | CL-VaPUC | ||
| 008 | 980721e19500000SP |||||||||||||||||spa|d | ||
| 082 | 0 | 4 | |a Me862 |b RUI |2 21 |
| 100 | 0 | |a Ruiz de Alarcón, Juan |e author |9 415883 | |
| 245 | 1 | 3 | |a La verdad sospechosa |
| 250 | |a 4a. ed | ||
| 300 | |a 126 p | ||
| 942 | |c BK | ||
| 945 | |d 19980721 00:00:00 |a lriquelm | ||
| 260 | |a Zaragoza |b Ebro |c 1950 | ||
| 650 | 7 | |a DRAMAS MEXICANOS |2 CL-VaPUC |9 321775 | |
| 650 | 0 | |a Literatura mexicana |9 313097 | |
| 583 | |a last modification |c 19980721 00:00:00 |k Rodrigo Vera | ||
| 490 | 0 | |a Biblioteca Clásica Ebro. Clásicos Españoles, 5 | |
| 999 | |c 272794 |d 272792 | ||
| 952 | |0 0 |1 0 |4 0 |6 ME_862_000000000000000_RUI_1950 |7 0 |8 R |9 307953 |a BIBEDU |b BIBEDU |c MCIRC |d 2019-11-20 |i 143814K |o Me862 RUI 1950 |p 143814K |r 2023-01-13 |w 2019-11-20 |y BK_R |k LIT | ||